LEADER 00767nam0-2200289 --450 001 9910279859103321 005 20180717145429.0 010 $a978-88-230-1985-0 020 $aIT$b2016-2064 100 $a20180717d2015----kmuy0itay5050 ba 101 0 $aita 102 $aIT 105 $a 001yy 200 1 $a<>fine vita$fMaurizio Di Masi 210 $aRoma$cEdiesse$d2015 215 $a246 p.$d22 cm 225 1 $aFondamenti$v21 610 0 $aEutanasia$aItalia$aDiritto 676 $a344.4504197$v23$zita 700 1$aDi Masi,$bMaurizio$0750859 801 0$aIT$bUNINA$gREICAT$2UNIMARC 901 $aBK 912 $a9910279859103321 952 $aCOLLEZ. 2534 (21)$b1511/2018$fFSPBC 959 $aFSPBC 996 $aFine vita$91510310 997 $aUNINA LEADER 00962nam a2200241 i 4500 001 991000488679707536 008 091210s1999 it 001 0 ita d 020 $a8880661892 035 $ab13864762-39ule_inst 040 $aFacoltą SSPT$bita 082 0 $a302.30 100 1 $aAnzera, Giuseppe $0472181 245 12$aL'analisi dei reticoli sociali :$bproblematiche di acquisizione dei dati e strategie metodologiche nella network analysis /$cGiuseppe Anzera 260 $aRoma :$bEUROMA, $cstampa 1999 300 $a219 p. ;$c23 cm 440 0$aRicerche e studi nei gruppi sociali ;$v3 650 4$aGruppi sociali$xRicerche$xMetodo 907 $a.b13864762$b02-04-14$c10-12-09 912 $a991000488679707536 945 $aLE021 302.30 ANZ01.01$g1$i2020000021438$lle021$op$pE7.75$q-$rn$s- $t0$u0$v0$w0$x0$y.i15047787$z10-12-09 996 $aAnalisi dei reticoli sociali$9231275 997 $aUNISALENTO 998 $ale020$b10-12-09$cm$da $e-$fita$git $h2$i0 LEADER 02862nam 2200421 450 001 9910796281403321 005 20230807214830.0 010 $a2-335-05492-9 035 $a(CKB)3790000000023000 035 $a(EBL)2085486 035 $a(MiAaPQ)EBC2085486 035 $a(Au-PeEL)EBL2085486 035 $a(OCoLC)914152211 035 $a(EXLCZ)993790000000023000 100 $a20200120d2015 uy 0 101 0 $afre 135 $aur|n|---||||| 181 $ctxt$2rdacontent 182 $cc$2rdamedia 183 $acr$2rdacarrier 200 10$aAlfred de Vigny et son temps $eSes origines maternelles, ses amours, ses amities litteraires, ses idees politiques, sa religion /$fLeon Seche 210 1$a[Place of publication not identified] :$cLigaran,$d2015. 215 $a1 online resource (439 p.) 300 $aDescription based upon print version of record. 327 $aCouverture; Page de Copyright; Page de titre; Lettre-Pre?face; LIVRE PREMIER - Les origines maternelles d'Alfred de Vigny; I; II; III; LIVRE II - Les amours d'Alfred de Vigny; CHAPITRE PREMIER - Delphine Gay; I; II; III; IV; V; VI; CHAPITRE II - Lydia de Bunbury; I; II; III; IV; CHAPITRE III - Marie Dorval; I; II; III; IV; V; VI; Post-Scriptum; I; II; III; IV; LIVRE III - Les amitie?s litte?raires d'Alfred de Vigny; CHAPITRE PREMIER - Victor Hugo; Victor Hugo; CHAPITRE II - Sainte-Beuve; I; II; III; IV; V; VI; CHAPITRE III - Brizeux. - Auguste Barbier. - Turquety. Boulay-Paty; I; II 327 $aCHAPITRE IV - Emile Pe?hant. - Pitre-Chevalier. - Le?on De Wailly. Ponsard. - Victor de LapradeI; II; III; IV; CHAPITRE V - Camilla Maunoir et Fe?lix Bungener; I; II; III; CHAPITRE VI - Louise-Edme?e Ancelot; I; II; III; IV; LIVRE IV - Les Ide?es politiques d'Alfred de Vigny; II; III; IV; LIVRE V - La religion d'Alfred de Vigny; I; II; III; IV; LIVRE VI - Le manoir du Maine-Giraud; I; II; III; IV 330 $a Extrait : ""Alfred de Vigny qui dans son Journal s'est e?tendu si longtemps sur la ge?ne?alogie et les parchemins de la famille de son pe?re, n'a rien dit ou presque rien des origines et des titres de noblesse de sa famille maternelle. C'est a? peine s'il consacre dix lignes a? son ai?eul, le ve?ne?rable marquis de Baraudin, qui fut chef d'escadre dans la marine de Louis XVI. Encore est-ce uniquement pour nous apprendre que « ce vieux capitaine de dix vaisseaux, que les combats... »""A? PROPOS DES E?DITIONS LIGARANLes e?ditions LIGARAN proposent des versions nume?riques de qualite? de grands livres de la l 606 $aFrench literature 615 0$aFrench literature. 676 $a840.8 700 $aSeche$b Leon$0392199 801 0$bMiAaPQ 801 1$bMiAaPQ 801 2$bMiAaPQ 906 $aBOOK 912 $a9910796281403321 996 $aAlfred de Vigny et son temps$93810493 997 $aUNINA